Stock Markets and Economic Growth : (Record no. 617583)

MARC details
000 -LEADER
fixed length control field 00533nam a2200193 a 4500
008 - FIXED-LENGTH DATA ELEMENTS--GENERAL INFORMATION
fixed length control field 260311s2001##################000#0#eng##
020 ## - INTERNATIONAL STANDARD BOOK NUMBER
ISBN 9783631380642
082 04 - DEWEY DECIMAL CLASSIFICATION NUMBER
Classification number 338.968
Item number GRO
100 1# - MAIN ENTRY--AUTHOR NAME
Personal name Gronski, Ortrun Anne,
245 10 - TITLE STATEMENT
Title Stock Markets and Economic Growth :
260 ## - PUBLICATION, DISTRIBUTION, ETC. (IMPRINT)
Name of publisher Peter Lang Pub Incorporated,
Year of publication 2001.
300 ## - PHYSICAL DESCRIPTION
Number of Pages 195 pages
650 #0 - SUBJECT ADDED ENTRY--TOPICAL TERM
Topical Term Business & Economics.
942 ## - ADDED ENTRY ELEMENTS (KOHA)
Koha item type English Books
Holdings
Withdrawn status Lost status Damaged status Not for loan Home library Current library Shelving location Date acquired Full call number Accession Number Price effective from Koha item type
        Anna Centenary Library Anna Centenary Library 4TH FLOOR, A WING 11.03.2026 338.968 GRO 216966 11.03.2026 English Books

Find us on the map